000
00332nam a2200145Ia 4500
008
150201s2013 xx 000 0 und d
082
_a
618.1
_b
G13D
100
_a
DUTTA, DC
245
_a
TB. OF GYNAECOLOGY
250
_a
6TH
260
_b
NCB.PUB.
_a
DELHI
_c
2013
300
_a
656
650
_a
OBST. & GYNEA.
942
_2
ddc
_c
BK
_0
29
999
_c
2457
_d
2457